Geography Quiz

Random Geography or City Quiz
Score 0/30 Timer 04:00
5 Plays Today
Mileage City/Airport Code % Correct
3451New York
97.9%
5456Los Angeles
94.2%
3265Boston
91.1%
3953Chicago
89.9%
4425Miami
88.8%
4750Dallas-Fort Worth
85.7%
5485San Diego
84.8%
4210Atlanta
84.7%
3677Washington
84.2%
5367San Francisco
82.5%
4834Houston
79.7%
3545Philadelphia
79%
4800Seattle
78.6%
3766Detroit
69.5%
4670Denver
68.8%
Mileage City/Airport Code % Correct
3465Newark
68.6%
3634Baltimore
68.6%
4350Orlando (Gatwick)
64%
5271Phoenix
63.4%
5229Las Vegas
63.2%
4625New Orleans
57.9%
4010Charlotte
55.7%
4015Minneapolis-St. Paul
55.1%
4859Salt Lake City
51.7%
4915Austin
48.9%
4427Tampa (Gatwick)
42.7%
5361San Jose
39.3%
5373Oakland (Gatwick)
36.4%
3872Raleigh-Durham
35.9%
4417Fort Lauderdale (Gatwick)
33.9%
Come Together.
Have Fun.
All Virtual.
We all need to come together. Play Sporcle's virtual live trivia to have fun, connect with people, and get your trivia on. Join a live hosted trivia game for your favorite pub trivia experience done virtually. If a virtual private party is more your thing, go here for details.

You're not logged in!

Compare scores with friends on all Sporcle quizzes.
OR
Log In

Sporcle TV

Today on Sporcle TV


Watch our educational content, quiz creation guides, and fun videos on Sporcle TV.

Show Comments

Extras

Top Quizzes Today


Score Distribution

Paid Content

Your Account Isn't Verified!

In order to create a playlist on Sporcle, you need to verify the email address you used during registration. Go to your Sporcle Settings to finish the process.

Report this User

Report this user for behavior that violates our Community Guidelines.

Details: